Reading and writing workbook, bk.2,Level 1-2 / (Record no. 105201)
[ view plain ]
| 000 -LEADER | |
|---|---|
| fixed length control field | 01047nam a2200469 a 4500 |
| 005 - DATE AND TIME OF LATEST TRANSACTION | |
| control field | 20140412111346.0 |
| 008 - FIXED-LENGTH DATA ELEMENTS--GENERAL INFORMATION | |
| fixed length control field | 041006s19uu xx 00 eng d |
| 020 ## - INTERNATIONAL STANDARD BOOK NUMBER | |
| International Standard Book Number | 0-02-661365-4 |
| 050 ## - LIBRARY OF CONGRESS CALL NUMBER | |
| Classification number | TR(GS 372.4 |
| Item number | A19 2000 |
| 100 ## - MAIN ENTRY--PERSONAL NAME | |
| Personal name | Adams, Marilyn Jager |
| 245 ## - TITLE STATEMENT | |
| Title | Reading and writing workbook, bk.2,Level 1-2 / |
| Statement of responsibility, etc | Marilyn Jager Adams. |
| 260 ## - PUBLICATION, DISTRIBUTION, ETC. (IMPRINT) | |
| Place of publication, distribution, etc | Ohio : |
| Name of publisher, distributor, etc | McGrawhill, |
| Date of publication, distribution, etc | 2000. |
| 300 ## - PHYSICAL DESCRIPTION | |
| Extent | 119 |
| 440 ## - SERIES STATEMENT/ADDED ENTRY--TITLE | |
| Title | SRA open court reading |
| 650 ## - SUBJECT ADDED ENTRY--TOPICAL TERM | |
| Topical term or geographic name as entry element | Reading- study and teaching |
| Withdrawn status | Lost status | Damaged status | Home library | Current library | Shelving location | Date acquired | Source of acquisition | Total Checkouts | Full call number | Barcode | Date last seen | Price effective from | Koha item type |
|---|---|---|---|---|---|---|---|---|---|---|---|---|---|
| Elizalde Library | Elizalde Library | Teachers Reference Section | 10/06/2004 | TR(GS 372.4 A19 2000 | E9569 | 04/12/2014 | 04/12/2014 | Books | |||||
| Elizalde Library | Elizalde Library | Teachers Reference Section | 10/06/2004 | TR(GS 372.4 A19 2000 | E9570 | 04/12/2014 | 04/12/2014 | Books | |||||
| Elizalde Library | Elizalde Library | Teachers Reference Section | 10/06/2004 | TR(GS 372.4 A19 2000 | E9571 | 04/12/2014 | 04/12/2014 | Books | |||||
| Elizalde Library | Elizalde Library | Teachers Reference Section | 10/06/2004 | TR(GS 372.4 A19 2000 | E9572 | 04/12/2014 | 04/12/2014 | Books | |||||
| Elizalde Library | Elizalde Library | Teachers Reference Section | 10/06/2004 | TR(GS 372.4 A19 2000 | E9573 | 04/12/2014 | 04/12/2014 | Books | |||||
| Elizalde Library | Elizalde Library | Teachers Reference Section | 10/06/2004 | TR(GS 372.4 A19 2000 | E9574 | 04/12/2014 | 04/12/2014 | Books | |||||
| Elizalde Library | Elizalde Library | Teachers Reference Section | 10/06/2004 | TR(GS 372.4 A19 2000 | E9575 | 04/12/2014 | 04/12/2014 | Books | |||||
| Elizalde Library | Elizalde Library | Teachers Reference Section | 10/06/2004 | TR(GS 372.4 A19 2000 | E9576 | 04/12/2014 | 04/12/2014 | Books | |||||
| Elizalde Library | Elizalde Library | Teachers Reference Section | 10/06/2004 | TR(GS 372.4 A19 2000 | E9577 | 04/12/2014 | 04/12/2014 | Books | |||||
| Elizalde Library | Elizalde Library | Teachers Reference Section | 10/06/2004 | TR(GS 372.4 A19 2000 | E9578 | 04/12/2014 | 04/12/2014 | Books | |||||
| Elizalde Library | Elizalde Library | Teachers Reference Section | 10/06/2004 | TR(GS 372.4 A19 2000 | E9579 | 04/12/2014 | 04/12/2014 | Books | |||||
| Elizalde Library | Elizalde Library | Teachers Reference Section | 10/06/2004 | TR(GS 372.4 A19 2000 | E9580 | 04/12/2014 | 04/12/2014 | Books | |||||
| Elizalde Library | Elizalde Library | Teachers Reference Section | 10/06/2004 | TR(GS 372.4 A19 2000 | E9581 | 04/12/2014 | 04/12/2014 | Books | |||||
| Elizalde Library | Elizalde Library | Teachers Reference Section | 10/06/2004 | TR(GS 372.4 A19 2000 | E9582 | 04/12/2014 | 04/12/2014 | Books | |||||
| Elizalde Library | Elizalde Library | Teachers Reference Section | 10/06/2004 | TR(GS 372.4 A19 2000 | E9583 | 04/12/2014 | 04/12/2014 | Books | |||||
| Elizalde Library | Elizalde Library | Teachers Reference Section | 10/06/2004 | TR(GS 372.4 A19 2000 | E9584 | 04/12/2014 | 04/12/2014 | Books | |||||
| Elizalde Library | Elizalde Library | Teachers Reference Section | 10/06/2004 | TR(GS 372.4 A19 2000 | E9585 | 04/12/2014 | 04/12/2014 | Books | |||||
| Elizalde Library | Elizalde Library | Teachers Reference Section | 10/06/2004 | TR(GS 372.4 A19 2000 | E9586 | 04/12/2014 | 04/12/2014 | Books | |||||
| Elizalde Library | Elizalde Library | Teachers Reference Section | 10/06/2004 | TR(GS 372.4 A19 2000 | E9587 | 04/12/2014 | 04/12/2014 | Books | |||||
| Elizalde Library | Elizalde Library | Teachers Reference Section | 10/06/2004 | TR(GS 372.4 A19 2000 | E9588 | 04/12/2014 | 04/12/2014 | Books | |||||
| Elizalde Library | Elizalde Library | Teachers Reference Section | 10/06/2004 | TR(GS 372.4 A19 2000 | E9589 | 04/12/2014 | 04/12/2014 | Books | |||||
| Elizalde Library | Elizalde Library | Teachers Reference Section | 10/06/2004 | TR(GS 372.4 A19 2000 | E9590 | 04/12/2014 | 04/12/2014 | Books | |||||
| Elizalde Library | Elizalde Library | Teachers Reference Section | 10/06/2004 | TR(GS 372.4 A19 2000 | E9591 | 04/12/2014 | 04/12/2014 | Books | |||||
| Elizalde Library | Elizalde Library | Teachers Reference Section | 10/06/2004 | TR(GS 372.4 A19 2000 | E9592 | 04/12/2014 | 04/12/2014 | Books | |||||
| Elizalde Library | Elizalde Library | Teachers Reference Section | 10/06/2004 | TR(GS 372.4 A19 2000 | E9593 | 04/12/2014 | 04/12/2014 | Books | |||||
| Elizalde Library | Elizalde Library | Teachers Reference Section | 10/06/2004 | TR(GS 372.4 A19 2000 | E9594 | 04/12/2014 | 04/12/2014 | Books |